书目信息 |
| 题名: |
城市绿地植物病害及其防治
|
|
| 作者: | 宋瑞清 , 董爱荣 主编 | |
| 分册: | ||
| 出版信息: | 北京 中国林业出版社 2001.01 |
|
| 页数: | 331页 | |
| 开本: | 23cm | |
| 丛书名: | ||
| 单 册: | ||
| 中图分类: | S436.8 | |
| 科图分类: | ||
| 主题词: | 植物--病虫害 , 植物--病虫害防治方法 | |
| 电子资源: | ||
| ISBN: | 7-5038-2537-5 | |
| 000 | 00690nam0 2200217 45 | |
| 001 | 0256539200 | |
| 005 | 2002041015421860 | |
| 010 | @a7-5038-2537-5@dCNY 33.80 | |
| 100 | @a20020410d2001 km y0chiy0120 ea | |
| 101 | 0 | @achi |
| 102 | @aCN@b110000 | |
| 200 | 1 | @a城市绿地植物病害及其防治@ACheng Shi Lu Di Zhi Wu Bing Hai Ji Qi Fang Zhi@f宋瑞清,董爱荣主编@FSong Rui Qing,Dong Ai Rong Zhu Bian |
| 210 | @a北京@c中国林业出版社@d2001.01 | |
| 215 | @a331页@d23cm | |
| 606 | 0 | @a植物@x病虫害 |
| 606 | 0 | @a植物@x病虫害防治方法 |
| 690 | @aS436.8@v3 | |
| 701 | 0 | @a宋瑞清@ASong Rui Qing@4主编 |
| 701 | 0 | @a董爱荣@ADong Ai Rong@4主编 |
| 801 | 0 | @aCN@bPFT@c20020410 |
| 905 | @a安徽大学@dS436.8@eS777 | |
| 城市绿地植物病害及其防治/宋瑞清,董爱荣主编.-北京:中国林业出版社,2001.01 |
| 331页;23cm |
| ISBN 7-5038-2537-5:CNY 33.80 |
| ● |
| 相关链接 |
|
|
|
正题名:城市绿地植物病害及其防治
索取号:S436.8/S777
 
预约/预借
| 序号 | 登录号 | 条形码 | 馆藏地/架位号 | 状态 | 备注 |
| 1 | 355639 | 203556393 | 自科库401/401自科库 67排3列5层/ [索取号:S436.8/S777] | 在馆 | |
| 2 | 355640 | 203556400 | 自科库401/401自科库 67排3列5层/ [索取号:S436.8/S777] | 在馆 | |
| 3 | 396167 | 203961677 | 自科库401/401自科库 67排3列5层/ [索取号:S436.8/S777] | 在馆 | |
| 4 | 396168 | 203961686 | 自科库401/401自科库 67排3列5层/ [索取号:S436.8/S777] | 在馆 | |
| 5 | 396169 | 203961695 | 自科库401/401自科库 67排3列5层/ [索取号:S436.8/S777] | 在馆 |